[Event "CHN-ch"]
[Site "Xinghua"]
[Date "2018.04.22"]
[Round "5"]
[White "Xu, Jun"]
[Black "Xu, Yi"]
[Result "1/2-1/2"]
[WhiteElo "2501"]
[BlackElo "2522"]
[PlyCount "62"]
[EventDate "2018.04.18"]
[EventType "tourn"]
[EventRounds "11"]
[EventCountry "CHN"]
[EventCategory "12"]
[SourceTitle "CBM 184 Extra"]
[Source "ChessBase"]
[SourceDate "2018.06.28"]
[SourceVersion "1"]
[SourceVersionDate "2018.06.28"]
[SourceQuality "1"]

1. c4 Nf6 2. Nc3 e6 3. e4 d5 4. e5 d4 5. exf6 dxc3 6. bxc3 Qxf6 7. d4 e5 8. Nf3 Nc6 9. Bg5 Qg6 10. d5 Nb8 11. h4 h6 12. h5 Qd6 13. Be3 Nd7 14. c5 Nxc5 15. Bb5+ Kd8 16. 0-0 Qf6 17. d6 Nd7 18. dxc7+ Kxc7 19. Qd5 Qe6 20. Qxe6 fxe6 21. Rfd1 Bd6 22. Nd2 Bc5 23. Bxd7 Bxe3 24. Bxc8 Bxd2 25. Bxb7 Rad8 26. Be4 Rd6 27. Rab1 Rb8 28. Rb3 Rxb3 29. axb3 a5 30. Kf1 Kd7 31. Ke2 Bxc3 1/2-1/2